| 000 | 01262cam a2200349 4500 | ||
|---|---|---|---|
| 008 | 090401t1995 xxu||||| |||| 00| 0 eng d | ||
| 020 | _a0750618604 | ||
| 035 | _a(Sirsi) u44913 | ||
| 041 | _aeng | ||
| 050 | _a690.241 | ||
| 100 | _aDavey, Andy | ||
| 245 | _aCare and conservation of Georgian houses: a maintenance manual for Edinburgh New Town. | ||
| 250 | _a4th ed. | ||
| 260 |
_aOxford _bButterworth-Heinemann _c1995 |
||
| 300 | _axxvii,291p. : ill. ; 30cm. | ||
| 350 | _a40 | ||
| 520 | _aDescribes and illustrates aspects of conservation for Georgian housing, detailing the substructure, external walls, roofs and internal features. Also includes chapters on decoration and finishes as well as advice on legislation, grants and procedures for undertaking repair work. | ||
| 650 | _aBUILT ENVIRONMENT-BUILDING MAINTENANCE AND REFURBISHMENT | ||
| 650 | _aEDINBURGH NEW TOWN | ||
| 650 | _aGEORGIAN HOUSES | ||
| 650 | _aHISTORIC BUILDINGS | ||
| 650 | _aLISTED BUILDINGS | ||
| 650 | _aREPAIRS | ||
| 690 | _aCONSERVATION | ||
| 700 | _aHeath, Bob | ||
| 700 | _aHodges, Desmond | ||
| 700 | _aKetchin, Mandy | ||
| 700 | _aMilne, Roy | ||
| 710 |
_aEdinburgh New Town Conservation Committee _91784 |
||
| 942 | _n0 | ||
| 948 | _c04/03/1997 | ||
| 999 |
_c91614 _d91614 |
||